Italie (Record no. 28395)

MARC details
000 -LEADER
campo de control de longitud fija 00488nam a2200157 i 4500
001 - NÚMERO DE CONTROL
campo de control 28395
003 - IDENTIFICADOR DE NÚMERO DE CONTROL
campo de control ES-MaACL
007 - CAMPO FIJO DE DESCRIPCIÓN FÍSICA--INFORMACIÓN GENERAL
campo de control de longitud fija t|
008 - DATOS DE LONGITUD FIJA--INFORMACIÓN GENERAL
campo de control de longitud fija 030117s1883 ddr ||||1| fre d
100 1# - ENTRADA PRINCIPAL--NOMBRE DE PERSONA
Nombre de persona Baedeker, Karl.
9 (RLIN) 24575
245 10 - MENCIÓN DEL TÍTULO
Título Italie
Resto del título : Italie centrale y compris Rome et ses environs : manuel du voyageur /
Mención de responsabilidad, etc. par Karl Baedeker.
250 ## - MENCION DE EDICION
Mención de edición 7eme ed.
260 ## - PUBLICACIÓN, DISTRIBUCIÓN, ETC.
Lugar de publicación, distribución, etc. Leipzig :
Nombre del editor, distribuidor, etc. Karl Baedeker,
Fecha de publicación, distribución, etc. 1883.
300 ## - DESCRIPCIÓN FÍSICA
Extensión XL, 442 p. :
Otras características físicas 30 plan., 8 map. ;
Dimensiones 16 cm.
852 ## - LOCALIZACIÓN
Ubicación ES-MaACL
Número de control de estantería G-13719
Holdings
Estatus retirado Estado de pérdida Estado de daño No para préstamo Colección Biblioteca de origen Biblioteca actual Ubicación en estantería Fecha de adquisición Fuente de adquisición Total de préstamos Signatura topográfica completa Código de barras Visto por última vez Precio de reemplazo Tipo de ítem Koha
        Libros del s. XIX Biblioteca del Ateneo de Madrid Biblioteca del Ateneo de Madrid Sala Pecera Planta 3 17/01/2008     G-13719 1029314 23/02/2023 23/02/2023 Libro impreso antiguo